Dědictví zbrojní výroby

Oblasť vojenskej, zbrojárskej výroby, útlm a konverzia v r.1989 v ČSFR. Obtiažne definovanie pojmov zbrojnej výroby, vojenského materiálu, resp. vojenskej techniky. nejednotnosť v štatistike výroby a exportu zbraní z pohľadu medzinárodných komparácií. Historický vývoj československého zbrojárskeho p...

Ausführliche Beschreibung

Gespeichert in:
Bibliographische Detailangaben
1. Verfasser: Kaderka, I.
Format: Buchkapitel
Sprache:Tschechisch
Schlagworte:
Tags: Tag hinzufügen
Keine Tags, Fügen Sie das erste Tag hinzu!

MARC

LEADER 00000naa a2200000 4500
001 r014114
005 20221205080123.9
041 0 |a cze 
044 |a CZ 
245 1 0 |a Dědictví zbrojní výroby  |c I. Kaderka 
520 |a Oblasť vojenskej, zbrojárskej výroby, útlm a konverzia v r.1989 v ČSFR. Obtiažne definovanie pojmov zbrojnej výroby, vojenského materiálu, resp. vojenskej techniky. nejednotnosť v štatistike výroby a exportu zbraní z pohľadu medzinárodných komparácií. Historický vývoj československého zbrojárskeho priemyslu, vývozu zbraní a zbrojárskej výroby na Slovensku. Zahraničnoobchodná činnosť v oblasti vývozu zbraní za obdobie ČSFR. Konverzia a útlm zbrojárskej výroby - dôsledky v ČR a SR. 
610 2 0 |a konverzia priemyslu 
610 2 0 |a priemysel zbrojársky 
610 2 0 |a ČSFR 
610 2 0 |a obchod zahraničný 
610 2 0 |a Slovensko 
610 2 0 |a Česko 
100 1 |a Kaderka, I.